书目信息 |
| 题名: |
国防科技
|
|
| 作者: | 王超英 , 张波 主编 | |
| 分册: | ||
| 出版信息: | 济南 山东科学技术出版社 2007.04 |
|
| 页数: | 337页 | |
| 开本: | 24cm | |
| 丛书名: | 自然科学向导丛书 | |
| 单 册: | ||
| 中图分类: | E92-49 | |
| 科图分类: | ||
| 主题词: | 武器装备--wu qi zhuang bei--普及读物 | |
| 电子资源: | ||
| ISBN: | 978-7-5331-4653-5 | |
| 000 | 00984nam 2200277 450 | |
| 001 | 012008264716 | |
| 005 | 20080504110348.34 | |
| 010 | @a978-7-5331-4653-5@dCNY28.00 | |
| 100 | @a20080430d2007 em y0chiy0120 ea | |
| 101 | 0 | @achi |
| 102 | @aCN@b370000 | |
| 105 | @aa a 000yy | |
| 106 | @ar | |
| 200 | 1 | @a国防科技@Aguo fang ke ji@f王超英, 张波主编@Fwang chao ying,zhang bo zhu bian |
| 210 | @a济南@c山东科学技术出版社@d2007.04 | |
| 215 | @a337页@c图@d24cm | |
| 225 | 2 | @a自然科学向导丛书@Azi ran ke xue xiang dao cong shu@i国防卷 |
| 320 | @a有书目 (第336-337页) | |
| 330 | @a本书内容包括:大型国防装备:战车、战舰、战机,枪、弹、炮,核武器和生化武器,军用信息装备,新型武器装备,支援保障装备等。 | |
| 410 | 0 | @12001 @a自然科学向导丛书@i国防卷 |
| 606 | 0 | @a武器装备@Awu qi zhuang bei@j普及读物 |
| 690 | @aE92-49@v4 | |
| 701 | 0 | @a王超英@Awang chao ying@4主编 |
| 701 | 0 | @a张波@Azhang bo@4主编 |
| 801 | 0 | @aCN@bQSSK@c20080504 |
| 905 | @b299569-71@dE92-49@eW128@f3 | |
| 国防科技/王超英, 张波主编.-济南:山东科学技术出版社,2007.04 |
| 337页:图;24cm.-(自然科学向导丛书.国防卷) |
| ISBN 978-7-5331-4653-5:CNY28.00 |
| 本书内容包括:大型国防装备:战车、战舰、战机,枪、弹、炮,核武器和生化武器,军用信息装备,新型武器装备,支援保障装备等。 |
| ● |
| 相关链接 |
|
|
|
正题名:国防科技
索取号:E92-49/W128
 
预约/预借
| 序号 | 登录号 | 条形码 | 馆藏地/架位号 | 状态 | 备注 |
| 1 | 299569 | 202995697 | 社科库509/509社科库 125排2列6层/ [索取号:E92-49/W128] | 在馆 | |
| 2 | 299570 | 202995704 | 社科库509/509社科库 125排2列6层/ [索取号:E92-49/W128] | 在馆 | |
| 3 | 299571 | 202995713 | 社科库509/509社科库 125排2列6层/ [索取号:E92-49/W128] | 在馆 |